00421 a2200121 450000500170000002000180001708200150003510000210005024501100007125000130018126000360019430000690023020250414153343.0 a0-02-313110-1 a658.87 BOW aBOWERSOX, D. F.  aLogistical Management: A Systems Integration of Physical Distribution Management and Material Management  a2nd Ed.  aNew York, bMacmillan, c1978.  axii, 528p., ill., table, figure, bIndex, bibliography, c23cm.